000 00571nam a2200181Ia 4500
005 20250508154602.0
008 008 250505s9999 xx 000 0 eng d
037 _aTextual
040 _aFEDL
_beng
_cFEDL
041 _aeng
_2eng
084 _a500, ALI
_qFEDL
245 0 _aScience: Its methods and outlook
245 0 _cAligarh Muslim University. General Education Reading Material Project, (directorate of ...)
260 _aBombay, India
_bAsia Publishing House
_c1963
300 _avii,85p
942 _cTEXL
_h500, ALI
999 _c1351030
_d1351030